<?xml version="1.0" encoding="UTF-8"?><?xml-stylesheet type="text/xsl" href="static/style.xsl"?><OAI-PMH xmlns="http://www.openarchives.org/OAI/2.0/" xmlns:xsi="http://www.w3.org/2001/XMLSchema-instance" xsi:schemaLocation="http://www.openarchives.org/OAI/2.0/ http://www.openarchives.org/OAI/2.0/OAI-PMH.xsd"><responseDate>2026-04-17T16:07:59Z</responseDate><request verb="GetRecord" identifier="oai:www.recercat.cat:10256/12619" metadataPrefix="marc">https://recercat.cat/oai/request</request><GetRecord><record><header><identifier>oai:recercat.cat:10256/12619</identifier><datestamp>2024-06-14T09:48:56Z</datestamp><setSpec>com_2072_452955</setSpec><setSpec>com_2072_2054</setSpec><setSpec>col_2072_453065</setSpec></header><metadata><record xmlns="http://www.loc.gov/MARC21/slim" xmlns:dcterms="http://purl.org/dc/terms/" xmlns:xsi="http://www.w3.org/2001/XMLSchema-instance" xmlns:doc="http://www.lyncode.com/xoai" xsi:schemaLocation="http://www.loc.gov/MARC21/slim http://www.loc.gov/standards/marcxml/schema/MARC21slim.xsd">
   <leader>00925njm 22002777a 4500</leader>
   <datafield ind2=" " ind1=" " tag="042">
      <subfield code="a">dc</subfield>
   </datafield>
   <datafield ind2=" " ind1=" " tag="720">
      <subfield code="a">Oya Márquez, Alberto</subfield>
      <subfield code="e">author</subfield>
   </datafield>
   <datafield ind2=" " ind1=" " tag="260">
      <subfield code="c">2016</subfield>
   </datafield>
   <datafield ind2=" " ind1=" " tag="520">
      <subfield code="a">The Platonist view in philosophy of linguistics states that grammars are theories of abstract objects. In this paper I will focus on the Platonist view in philosophy of linguistics as stated in Katz’s 'An Outline of Platonist Grammar' (1984) and Soames’ 'Linguistics and Psychology' (1984) and 'Semantics and Psychology' (1985). I will begin explaining which are the core ideas of the Platonist view in philosophy of linguistics. Then, I will comment on the argument offered by Katz’s in order to argue for the Platonist view. Finally, I will explain Soames’ arguments in order to show that psychology and linguistics are conceptually and empirically different</subfield>
   </datafield>
   <datafield ind2=" " ind1=" " tag="520">
      <subfield code="a">El platonismo en filosofía de la lingüística afirma que las gramáticas son teorías sobre objetos abstractos. En este artículo me centraré en el platonismo en filosofía de la lingüística tal y como es expuesto por Katz en su `'An Outline of Platonist Grammar' (1984) y por Soames&#xd;
en sus 'Linguistics and Psychology' (1984) y 'Semantics and Psychology' (1985). Empezaré explicando cuáles son las ideas centrales del platonismo en filosofía de la lingüística. Después, comentaré el argumento ofrecido por Katz a favor del platonismo. Por último, explicaré los argumentos usados por Soames para mostrar que la psicología y la lingüística son conceptualmente y empíricamente distintas</subfield>
   </datafield>
   <datafield ind1="8" ind2=" " tag="024">
      <subfield code="a">http://hdl.handle.net/10256/12619</subfield>
   </datafield>
   <datafield tag="653" ind2=" " ind1=" ">
      <subfield code="a">Llenguatge i llengües -- Filosofia</subfield>
   </datafield>
   <datafield tag="653" ind2=" " ind1=" ">
      <subfield code="a">Language and languages -- Philosophy</subfield>
   </datafield>
   <datafield tag="653" ind2=" " ind1=" ">
      <subfield code="a">Platonisme</subfield>
   </datafield>
   <datafield tag="653" ind2=" " ind1=" ">
      <subfield code="a">Platonists</subfield>
   </datafield>
   <datafield ind2="0" ind1="0" tag="245">
      <subfield code="a">The Platonist view about the subject matter of Linguistics = El punto de vista platónico acerca de la materia objeto de estudio en la lingüística</subfield>
   </datafield>
</record></metadata></record></GetRecord></OAI-PMH>